Statistics for Biggest Trading Partners - Poland

Click here to take the quiz!

General Stats

  • This quiz has been taken 61 times
  • The average score is 28 of 30

Answer Stats

ExportsAnswer% Correct
41.73 bilGermany
100%
46.02 bilGermany
100%
9.50 bilUnited Kingdom
100%
5.42 bilUnited Kingdom
100%
8.68 bilCzechia
98%
6.91 bilCzechia
98%
9.88 bilItaly
96%
12.81 bilItaly
96%
17.20 bilRussia
96%
8.55 bilRussia
96%
10.25 bilFrance
95%
9.26 bilFrance
95%
6.49 bilNetherlands
95%
6.58 bilNetherlands
95%
4.10 bilSpain
95%
4.11 bilSpain
95%
5.96 bilUkraine
95%
16.20 bilChina
93%
3.82 bilSweden
93%
5.12 bilSweden
93%
4.17 bilUnited States
93%
4.15 bilJapan
91%
3.00 bilDenmark
87%
3.71 bilSlovakia
87%
3.55 bilSlovakia
87%
4.53 bilBelgium
85%
4.09 bilBelgium
85%
4.43 bilHungary
85%
5.00 bilSouth Korea
85%
3.10 bilAustria
80%

Score Distribution

Percentile by Number Answered

Percent of People with Each Score

Your Score History

You have not taken this quiz